[Event "Yangon zt"]
[Site "Yangon"]
[Date "1998.12.11"]
[Round "4"]
[White "Zaw, Oo"]
[Black "Mariano, Nelson"]
[Result "1-0"]
[WhiteElo "2340"]
[BlackElo "2435"]
[Annotator "Stohl,I"]
[PlyCount "73"]
[EventDate "1998.12.??"]
[EventType "swiss"]
[EventRounds "9"]
[EventCountry "BUR"]
[SourceTitle "CBM 069"]
[Source "ChessBase"]
[SourceDate "1999.04.01"]
[SourceVersion "1"]
[SourceVersionDate "1999.04.01"]
[SourceQuality "1"]

1. e4 c5 2. Nf3 d6 3. d4 cxd4 4. Nxd4 a6 5. c4 b6 6. Nc3 Bb7 7. Be2 Nf6 8. f3
e6 9. Be3 Be7 10. O-O Nbd7 (10... O-O $142) 11. Rc1 (11. a4 $142 $1 O-O 12. a5
$36) 11... O-O 12. Qd2 Rc8 13. Rfd1 Qc7 14. Bf1 Qb8 15. Kh1 Rfe8 {A typical
Hedgehog position with all pieces on the board. White's usual plan is to play
against Black's somewhat sensitive << (e.g.b4,Nb3,a4-a5,or even c4-c5,
especially if Black has already committed himself on the opposite flank.)
Black's options are a timely d6-d5 break ( this often doesn't work because of
a6 being en prise.) and piece play against White's >> (Bd8-c7,Kh8,Rg8,g5,
Rg6etc.)} 16. Qf2 {Starts a somewhat strange plan-White concentrates on the >>
against Black's K. The positive side of this setup will show after Black opens
the position.} ({More usual is} 16. b4 Bd8 (16... Kh8 $5) (16... Rc7 17. Na4
Rec8 18. Qf2 Ba8 19. Nb3 Rc6 20. Nb2 R6c7 21. Bf4 e5 22. Be3 Nh5 23. Na4 b5 24.
Nb6 Nxb6 25. Bxb6 Rb7 26. c5 $16 {ץa8,Siegel,G-Zeller,F/BL2-S9697/1997/}) (
16... Ne5 $142 17. Na4 Nfd7 $132) 17. Nb3 Bc7 18. Bf4 $1 Ne5 19. Bxe5 dxe5 20.
c5 b5 21. a4 bxa4 22. Nxa4 Rcd8 23. Qe3 Rxd1 24. Rxd1 Rd8 25. Rc1 $16 {Stohl,
I-Ward,C/Isle of Man op/1994/}) (16. a3 Bd8 (16... Bf8 17. b4 Ba8 18. Nb3 Ne5
19. Na4 Rc6 20. Bd4 Nfd7 21. Rc3 d5 22. cxd5 exd5 23. exd5 Rd6 24. Qc2 Bxd5 25.
Bf2 Qa8 26. Nd4 b5 27. Nc5 Bc4 28. Bxc4 bxc4 29. Nxd7 Rxd7 30. Bg1 g6 31. f4
Nd3 32. Rxc4 Nxf4 33. Nc6 $14 {Hjartarson,J-Larsen,B/Reykjavik/1985/}) 17. Bg1
Bc7 (17... Kh8 18. b4 Ne5 19. Nb3 Be7 20. Na4 Nfd7 21. Qe3 Nxc4 22. Bxc4 b5 23.
Bxe6 fxe6 24. Nb6 Nxb6 25. Qxb6 Rxc1 26. Rxc1 Bd8 27. Qa7 $11 {Leko,P-Van Wely,
L/Cap d`Agde/1996/}) 18. Qf2 (18. Rc2 h5 19. Qf2 g6 20. h4 Ne5 21. Qd2 Bd8 22.
b3 Nfd7 23. Bf2 Be7 24. Nce2 Bf8 25. Ng1 Nf6 26. Qf4 Ned7 27. Qg3 d5 $1 $15 {
Siegel,G-Milov,L/Bern/1994/}) 18... Qa8 (18... Ne5 19. b4 Qa8 20. Nb3 Ng6 21.
Na4 Nd7 22. Qb2 Bc6 23. Nc3 Nf6 24. Bd4 Nh5 25. b5 axb5 26. Nxb5 Bxb5 27. cxb5
Qb8 28. Bg1 $36 {/\Nd4-c6,Iordachescu,V-Mirumian,V/Szombathely/1993/}) 19. b4
d5 20. cxd5 exd5 21. Nxd5 Nxd5 22. exd5 Nf6 23. Qh4 Nxd5 24. Nf5 Be5 25. Bc4
Nf4 26. Qf2 b5 27. Bf1 Bd5 28. Rc5 Rxc5 29. bxc5 h5 $13 {Arbakov,V-Pigusov,E/
Irkutsk/1983/}) (16. Nc2 Kh8 17. Bf4 Ne5 18. b3 Rg8 19. Be3 Ned7 20. Bf4 Ne5
21. Bg5 h6 22. Be3 Ned7 23. Bd4 g5 24. Ne1 Rg6 25. Bd3 Rcg8 26. Bb1 Qa8 27. Qe2
g4 28. f4 e5 29. Nd5 $1 $36 {Fogarasi,T-Lauber,A/Gyula/1998/}) 16... Bd8 (16...
Kh8 $5 17. b3 Bd8 18. Nde2 Rg8 19. Ng3 h6 20. Be2 Bc6 21. b4 Be7 22. a3 Ba8 23.
c5 bxc5 24. Bxa6 Bb7 25. Bf1 {Maiorov,O-Poluljahov,A/Krasnodar/1998/} cxb4 26.
axb4 d5 $11) (16... Ba8 17. b4 Ne5 18. Na4 Nfd7 19. Nb3 Rc6 20. c5 b5 21. Nb6
Nxb6 22. cxb6 Rxc1 23. Rxc1 d5 24. exd5 Bxd5 $132 {Sturua,Z-Vasiukov,E/
Ckhaltubo/1981/}) 17. b3 (17. b4 $6 Ne5 18. Na4 d5 19. exd5 exd5 20. Nf5 (20.
c5 $2 Neg4) 20... g6 21. Qg3 Nh5 22. Qh3 Bc6 23. Nc3 Bd7 24. g4 Bxf5 25. gxf5
dxc4 $17 {Lugovoi,A-Bazhin,A/Jurmala/1992/}) ({Practice has shown that despite
the Black Q distance from the >> he can cope well with a pawn storm.} 17. Nb3
Bc7 18. g4 Nc5 19. g5 Nh5 20. Bh3 g6 21. Bg4 Ng7 22. Bd4 Bd8 23. Bf6 h5 24. Bh3
Rf8 25. Qg3 Ne8 26. Bxd8 Rxd8 27. Nd4 e5 $132 {Vratonjic,S-Sahovic,D/Niksic/
1996/}) (17. Nc2 Bc7 18. g4 h6 19. h4 d5 20. g5 Bg3 21. Qg2 dxe4 22. fxe4 hxg5
23. hxg5 Nxe4 24. Nxe4 Nc5 25. Bxc5 Rxc5 26. Rd7 Ba8 27. Rcd1 Rxg5 28. Nxg5
Bxg2+ 29. Bxg2 Qf4 $36 {Georgiev,K-Rajkovic,D/Vrsac/1987/}) 17... Bc7 (17...
Ne5 18. Qd2 Bc7 19. Bg1 Kh8 20. Qf2 Rg8 21. Nde2 g5 22. Ng3 Rg6 23. Na4 Nfd7
24. Qb2 Bc6 25. Nc3 Rcg8 26. b4 Ba8 27. Nce2 Rh6 28. Nd4 Rg7 29. Nb3 Ng6 30.
Bd4 f6 31. Kg1 Nde5 32. Be3 Bb7 33. Nd4 Bc8 34. Qd2 Bd7 35. Rc3 Ne7 36. Rdc1
Qe8 37. Bf2 $36 {[%csl Rh6] צh6,Ionov,S-Yudasin,L/Vilnius/1997/}) 18. Qh4 (18.
Bg5 $6 h6 19. Be3 d5 20. cxd5 exd5 21. Nxd5 {Lasslop,U-Gruber,T/Schwaebisch
Gmuend/1998/} Nxd5 22. exd5 Bxh2 23. Rxc8 Bxc8 $1 $36) 18... h6 {Uneccessary
prophylaxis.} (18... Ne5 $142 $1 19. Qh3 Ng6 20. Re1 Bd8 21. Qg3 h5 22. Qf2 Ne5
$132 23. Bg5 $2 Nfg4 24. Qd2 Bxg5 25. Qxg5 Nf2+ 26. Kg1 Nfd3 $17 {Mastrokoukos,
G-Nikolaidis,I/Glyfada/1995/}) 19. Bd3 $5 Ne5 20. Bb1 Ng6 21. Qh3 d5 $5 {
Risky, as it activates especially White's pieces. (Bb1,Nd4) But remaining
passive had it's downsides too.} (21... Qa8 22. Re1 $5 $14 {/\Bd2,f4-f5|^}) 22.
exd5 exd5 23. Nf5 Be5 $2 {Provokes a strong sacrifice.} ({The simplest was} 
23... Bf4 $1 24. Bxf4 Qxf4 25. Qg3 Qxg3 26. hxg3 Rcd8 $11) ({Also possible was
} 23... Nf4 $5 24. Qh4 dxc4 $13 {/\} 25. Bd4 Be5 26. Bxe5 Qxe5 27. Nd6 cxb3 28.
Nxe8 Nxe8 (28... b2 $2 29. Nxf6+ Qxf6 30. Qxf6 bxc1=Q 31. Qxb6 $1 $18 {/\Rc1,
Rd8}) 29. axb3 Nxg2 30. Kxg2 Rxc3 $17) 24. Bxh6 $1 {[%mdl 512]} gxh6 25. Qxh6
Nh7 (25... Nd7 26. Nxd5 $36) 26. Nxd5 Bxd5 $8 (26... Rc6 27. Nfe7+ $1 $18) (
26... Nhf8 27. Nxb6 $16 {/\} (27. f4 $6 Bh8 $1 $132 (27... Bxd5 28. fxe5 Qxe5
29. cxd5 Rxc1 30. Qxc1 $8 $18)) 27... Bxf3 28. Nxc8 Bxd1 29. Ncd6 $1 $18) 27.
Rxd5 $16 {White has a strong attack in a position with equal material. With
all his pieces well coordinated it's practically impossible to defend Black's
K in the long run.} Re6 $6 {Now Rc1 effectively joins the attack.} (27... Nhf8
$16 {/\} 28. Re1 Bf6) 28. Re1 {/\Re5!+-} Ngf8 (28... Nf4 $2 29. Ne7+ Rxe7 30.
Bxh7+ Kh8 31. Rdxe5 $18) 29. Qh5 Rce8 (29... Rcc6 30. Rexe5 $1 Rxe5 31. Rxe5
Qxe5 32. Nh6+ Rxh6 33. Qxe5 $18) (29... Bf4 30. Rxe6 fxe6 31. Rd7 Kh8 (31...
Qe5 32. Nh6+ Kh8 33. Nf7+) 32. Nh4 $18) 30. Nh6+ $5 (30. Qg4+ Ng6 (30... Rg6
31. Nh6+ $18) 31. Nh6+ Kg7 32. Nxf7 $1 Kxf7 33. Bxg6+ Rxg6 34. Rd7+ Kf6 35.
Qh4+ Ng5 36. f4 Bxf4 37. Rxe8 Qxe8 38. Qxf4+ Ke6 39. Rd5 $5 $18) 30... Rxh6 (
30... Kg7 31. Qxf7+ $1 (31. Nf5+ $5 Kg8 32. Qg4+ $18) (31. Nxf7 $2 Nf6 $1 $19)
31... Kxh6 32. Re4 Ng6 $8 33. Rh4+ $1 Nxh4 (33... Kg5 34. Qf5+) 34. Qxh7+ Kg5
35. f4+ $1 Kf6 (35... Kxf4 36. Qxh4+ Ke3 37. Qe1+ Kf4 38. Qg3#) (35... Kg4 36.
h3+ Kg3 37. Rd3+ Kxf4 38. Qxh4+ $18) 36. Qxh4+ Kg7 37. fxe5 $18) 31. Qxh6 Bf4
32. Bxh7+ (32. Rxe8 Qxe8 33. Qxb6 $18) 32... Nxh7 33. Rxe8+ Qxe8 34. Qxb6 $18
Qe2 (34... Qe1+ 35. Qg1 Qc3 36. Qd1 $18) 35. Qg1 Qxa2 36. Qd1 Nf6 $2 (36... Nf8
37. g3 $18 {and White's material advantage will gradually decide the game.})
37. Rf5 1-0

[Event "Tilburg"]
[Site "Tilburg"]
[Date "1993.??.??"]
[Round "1"]
[White "Sturua, Zurab"]
[Black "Hodgson, Julian M"]
[Result "0-1"]
[WhiteElo "2540"]
[BlackElo "2625"]
[Annotator "Stohl,I"]
[PlyCount "62"]
[EventDate "1993.11.??"]
[EventType "k.o."]
[EventRounds "7"]
[EventCountry "NED"]
[SourceTitle "CBM 039"]
[Source "ChessBase"]
[SourceDate "1994.04.01"]
[SourceVersion "1"]
[SourceVersionDate "1994.04.01"]
[SourceQuality "1"]

1. d4 Nf6 2. c4 c5 3. Nf3 cxd4 4. Nxd4 e5 5. Nb5 (5. Nc2 d5 6. cxd5 Qxd5 7.
Qxd5 Nxd5 8. e4 Nb4 9. Nxb4 Bxb4+ 10. Bd2 Nc6 11. Bb5 Bd7 12. Bxc6 Bxd2+ 13.
Kxd2 Bxc6 14. Ke3 O-O-O 15. Nc3 $10 {Mohr,G-Grosar,A/Vidmar mem/1993/}) 5... d5
6. cxd5 Bc5 7. e3 O-O 8. N5c3 e4 9. Be2 (9. a3 Qe7 10. Nd2 Rd8 11. b4 Bd6 12.
Nc4 Bc7 13. Ra2 Bg4 $1 14. Be2 Bxe2 15. Rxe2 Nc6 16. Bb2 (16. Rd2 Ne5 17. d6 $2
Bxd6 18. Nxd6 Nd3+ 19. Rxd3 exd3 20. Nc4 Rac8 $19) 16... Ne5 17. Nxe5 Bxe5 18.
Rd2 Rac8 $44 {Krasenkov,M-Smirin,I/Vilnius/1988/}) 9... Re8 (9... Qe7 10. Nd2 (
10. Qc2 Rd8 11. O-O Bf5 12. Rd1 Nbd7 13. Nd2 Rac8 14. Nf1 Ne5 15. Bd2 Bg6 16.
Be1 h5 17. Qa4 a6 18. b4 Bxb4 19. Nxe4 Bxe1 20. Nxf6+ Qxf6 21. Rxe1 Rxd5 $10 {
Chernin,A-Hebden,M/London op/1989/}) (10. g4 $5 $13) 10... Rd8 11. a3 (11. O-O
Na6 12. a3 Nc7 13. Qc2 Bf5 14. b4 Bd6 15. Nc4 Ncxd5 16. Nxd6 Rxd6 $10 {
Szuhanek,R-Damjanovic,V/Belgrade Trako/1993/}) (11. Qb3 Na6 12. a3 Nc7 13. Qc2
Bf5 14. b4 Bd6 15. Nc4 Ncxd5 16. Nxd6 Rxd6 17. Bb2 Rc8 18. Nxd5 Nxd5 19. Qa4
Nb6 20. Qa5 Rc2 $15 {Stepak,Y-Birnboim,N/Tel-Aviv/1988/}) 11... Nxd5 12. Nxd5
Rxd5 13. Qa4 Bf5 14. b4 Bb6 15. Qb3 Rd6 16. Nc4 Rg6 17. Nxb6 axb6 18. Qd5 Bc8
19. Bb2 Nc6 20. Rd1 Rxg2 21. b5 Qh4 22. Rf1 Be6 23. Qd6 $16 {Vakhidov,
T-Nesterov,J/Bishkek zt/1993/}) (9... Bf5 10. Nd2 Nbd7 11. g4 $1 Bg6 12. g5 $16
{Pohla,H-Claesen,J/Geraardsbergen op/1992/}) 10. a3 $6 (10. Nd2 $142 $5 Nbd7
11. Qc2 Qe7 12. O-O {/\} Nb6 $2 13. Ncxe4 $1 Nxe4 14. Nxe4 $16) (10. O-O Nbd7
11. Nd2 Nb6 12. Qc2 $5 $13) 10... Nbd7 11. Nd2 (11. b4 Bd6 (11... Bf8 12. Nd2
Nb6 13. Nc4 Nbxd5 14. Nxd5 Nxd5 15. Bb2 Be6 16. Qd4 Rc8 17. Rd1 Qg5 18. Kf1
Red8 19. h4 Qe7 $40 {Karayianis,A-Hauschild,A/Dortmund op-A/1992/}) 12. Ra2 $6
(12. Nd2 Nb6 13. Bb2 Be5 $44) 12... Ne5 13. Nd2 Bf5 14. Nb3 Rc8 15. Nb5 Bb8 16.
Nc5 Nd3+ $1 17. Bxd3 exd3 18. Nd4 Qxd5 $17 {Laven,R-Zimmermann,F/2BLW 9192/
1991/}) 11... Nb6 12. Nc4 (12. b4 $142 Bf8 13. Bb2 $10) 12... Nbxd5 13. Nxd5
Nxd5 14. O-O Be6 15. Bd2 $6 (15. b4 $2 Nc3 $17) (15. Qc2 $142 $5 $132) 15...
Qg5 $1 $36 {(),->>>} 16. Re1 Rad8 17. Qc2 Bh3 18. g3 (18. Bf1 Re6 {/\Bg2-+})
18... h5 19. b4 (19. Na5 Nxe3 $1 20. Bxe3 (20. fxe3 Rxd2 $1 $19) 20... Bxe3 21.
fxe3 Qxe3+ 22. Kh1 Rd2 $19) 19... Bf8 20. Red1 h4 21. Be1 hxg3 22. hxg3 Bg4 $17
23. Rd4 Nf6 24. Rxd8 (24. Rad1 Rxd4 25. Rxd4 Qh5 $40) 24... Rxd8 25. Bxg4 Qxg4
26. Bc3 Nh7 $1 27. Ne5 Qc8 $1 28. Qb3 (28. Rc1 Ng5 29. Bd4 Qh3 {/\Nf3-+}) 28...
Ng5 29. Bd4 Bd6 30. Kf1 (30. Qc3 Qxc3 31. Bxc3 Bxe5 32. Bxe5 Nf3+ $19) 30...
Bxe5 31. Bxe5 Rd2 {/\Qh3,Nf3-+} 0-1

[Event "Hoogeveen Essent Crown"]
[Site "Hoogeveen"]
[Date "2005.10.27"]
[Round "4"]
[White "Harikrishna, Pentala"]
[Black "Sutovsky, Emil"]
[Result "1/2-1/2"]
[WhiteElo "2673"]
[BlackElo "2654"]
[Annotator "Stohl,I"]
[PlyCount "64"]
[EventDate "2005.10.21"]
[EventType "tourn"]
[EventRounds "6"]
[EventCountry "NED"]
[EventCategory "16"]
[SourceTitle "CBM 110"]
[Source "ChessBase"]
[SourceDate "2006.01.31"]
[SourceVersion "1"]
[SourceVersionDate "2006.01.31"]
[SourceQuality "1"]

1. Nf3 Nf6 2. c4 c5 3. d4 cxd4 4. Nxd4 e5 5. Nb5 d5 6. cxd5 Bc5 7. d6 {
Harikrishna was suprised by Black's opening choice and opts for a move, which
is considered harmless.} ({The main lines, where White can fight for an
advantage, start with} 7. N5c3 O-O 8. e3 ({or} 8. h3 $5 {followed by g4.}))
7... O-O (7... Ne4 8. e3 O-O $13 {is perhaps possible, but the text-move is
more flexible.} (8... Bb4+ 9. Bd2 $36)) 8. Nc7 $6 {Allegedly played instantly,
but this sortie is really asking for it.} (8. N1c3 $142 Nc6 (8... Qb6 9. e3 a6
10. Na4 Bb4+ 11. Bd2 Qa5 12. Nc7 Ra7 13. Bc3 Rd8 14. a3 Bxc3+ 15. Nxc3 Qc5 16.
Rc1 Bg4 17. N3d5 Qa5+ 18. b4 Qxd5 19. Nxd5 Bxd1 {Igriashvili,Z-Sosulin,E/
Donskoj/2005/} 20. Ne7+ Kf8 21. Nc8 $5 Ra8 22. Nb6 $36) 9. g3 Qb6 10. e3 Rd8 $5
(10... Bg4 11. f3 Bf5 12. Na4 Bb4+ 13. Kf2 Qd8 14. a3 Ba5 15. e4 Be6 16. b4 a6
17. Nbc3 b5 18. Nc5 Nxb4 19. axb4 Bxb4 20. Nxe6 fxe6 21. Na2 $16 {Bang,
A-Sandstrom,L/Copenhagen/1989/}) 11. Bd2 Bg4 12. f3 (12. Qxg4 $142 $5 Nxg4 13.
Na4 Bxe3 14. fxe3 Qa6 15. Nc5 Qb6 16. Na4 $11) 12... Bxe3 $1 13. fxg4 a6 14.
Na4 Bf2+ 15. Ke2 Qxb5+ 16. Kxf2 Qd5 17. Bg2 Nxg4+ 18. Qxg4 Qxd2+ 19. Kg1 Rxd6
$40 20. Bxc6 Qe3+ 21. Kg2 Rd2+ 22. Kh3 Qh6+ 23. Qh4 Qxc6 {0-1, Seel,C-Ganguly,
S/Catalan Bay/2004/}) 8... Ne4 9. e3 Bxd6 $146 {[%mdl 72]} (9... Qf6 10. Qf3 (
10. Qe2 $5) 10... Qxd6 11. Nxa8 Bb4+ 12. Ke2 Rd8 13. Bd2 Nxd2 {0-1, Bienkowski,
G-Szczepaniec,S/WChS Rowy/ 2003/}) ({Sutovsky was worried about his opponent's
preparation and after 40 minutes thought came up with an interesting tactical
novelty. However, Black is doing fine after the previously played} 9... Bb4+ $5
10. Nd2 Qxd6 11. Nxa8 Rd8 12. Be2 Nxd2 13. Bxd2 Bxd2+ 14. Kf1 Nc6 15. Qc2 Qb8
16. a3 Qxa8 17. b4 Qb8 18. Bd3 g6 19. Rd1 Bxb4 20. axb4 Nxb4 21. Qc3 Nxd3 22.
Rxd3 Rxd3 23. Qxd3 Be6 $17 {Teske,H-Salmensuu,O/Koszalin op/1999/}) 10. Nxa8
Bb4+ 11. Nd2 Qh4 12. g3 $8 {After other moves Black's pieces pounce on White's
K:} (12. Qf3 $2 Nxd2 13. Bxd2 Bxd2+ 14. Kxd2 Qb4+ 15. Kc2 Bg4 $19 {->}) (12.
Qe2 $2 Bg4 13. g3 Qf6 14. Qxg4 (14. f3 Bxf3 $19) 14... Bxd2+ 15. Ke2 Qxf2+ 16.
Kd1 Qxe3 $19 {->}) 12... Qf6 13. f3 Nxd2 14. Bxd2 Rd8 15. Bxb4 $8 Rxd1+ 16.
Rxd1 Nc6 {[%mdl 256] Sutovsky saw all this already on move 9, White is in
danger and must defend accurately to stay afloat.} 17. Bc5 $1 (17. Bd2 Qxf3 18.
Rg1 Bg4 19. Rc1 Nb4 20. h3 Nc2+ 21. Rxc2 Qd1+ 22. Kf2 Qxc2 23. hxg4 Qxd2+ 24.
Be2 Qd8 $1 $19) 17... Qxf3 18. Rg1 Bg4 19. Rd2 $1 {[%cal Rf1g2] [], /\Bg2} (19.
Rd3 $2 b6 $1 20. Nxb6 (20. Ba3 e4 $19) 20... axb6 21. Bxb6 h6 $32 {[%csl Re1]
[%cal Ye5e4,Yc6e5] -/+->,עe1, /\e4,Ne5}) 19... Nd4 $1 20. Bxd4 (20. exd4 $2
Qe3+ 21. Be2 Qxg1+ 22. Bf1 Bh3 23. Rf2 b6 $19) 20... exd4 21. Rd3 $8 {[%cal
Re3d4] /\ed4} Qc6 (21... Qe4 22. Rg2 $14 (22. Be2 $5)) 22. Rg2 $1 {White must
try to coordinate his R as soon as possible.} (22. Rxd4 Qc1+ 23. Kf2 Qxb2+ 24.
Ke1 h5 $5 $36) 22... Qc1+ 23. Kf2 dxe3+ 24. Rxe3 Qxb2+ 25. Be2 h5 26. Re8+ Kh7
27. Kg1 Qc1+ 28. Bf1 (28. Kf2 $2 Bxe2 29. Rxe2 (29. Kxe2 Qc6 $19) 29... Qc8 $17
) 28... Bh3 29. Rf2 {White has protected his N and Black doesn't have any
firepower left, so he sensibly forces a draw.} Bxf1 30. Rxf1 Qc5+ 31. Rf2 $8 (
31. Kg2 $4 Qc6+ $19) 31... Qc1+ 32. Rf1 Qc5+ 1/2-1/2

[Event "Bundesliga 0203"]
[Site "Germany"]
[Date "2003.03.08"]
[Round "12.1"]
[White "Bischoff, Klaus"]
[Black "Prusikin, Michael"]
[Result "1-0"]
[WhiteElo "2554"]
[BlackElo "2504"]
[Annotator "Stohl,I"]
[PlyCount "53"]
[EventDate "2002.10.19"]
[EventType "team-tourn"]
[EventRounds "15"]
[EventCountry "GER"]
[SourceTitle "CBM 094"]
[Source "ChessBase"]
[SourceDate "2003.05.26"]
[SourceVersion "1"]
[SourceVersionDate "2003.05.26"]
[SourceQuality "1"]
[WhiteTeam "Plauen"]
[BlackTeam "Forchheim"]
[WhiteTeamCountry "GER"]
[BlackTeamCountry "GER"]

1. d4 Nf6 2. c4 c5 3. Nf3 cxd4 4. Nxd4 e5 5. Nb5 d5 6. cxd5 Bc5 7. e3 O-O 8.
N5c3 e4 9. Be2 Qe7 {This is the main move nowadays, Black protects his Pe4
outpost and his R goes to d8 instead of e8, often simply ragaining the
sacrificed pawn. Currently there doesn't seem to be a road to a clear-cut
advantage for White in this line.} 10. a3 (10. Nd2 Rd8 11. Qc2 Bf5 12. a3 (12.
g4 Nxg4 $5 13. Bxg4 Bxg4 14. Qxe4 Qxe4 15. Ndxe4 Na6 16. a3 Bf3 17. Rg1 Be7 18.
Bd2 h6 19. Rg3 Bxe4 20. Nxe4 Rxd5 21. Bc3 g6 22. Ke2 Nc5 $11 {Morovic
Fernandez,I-Liew Chee Meng,J/Dubai olm/1986/}) 12... a5 13. g4 Bg6 $6 (13...
Nxg4 $142 $5 {is similar to the game above.}) 14. h4 h6 15. Qb3 Na6 16. g5 hxg5
17. hxg5 Nh7 18. Nc4 Ba7 19. Bd2 Nc5 20. Qb5 Nxg5 21. O-O-O b6 22. Rhg1 Nf3 23.
Rxg6 $5 fxg6 24. d6 Qf7 25. Kb1 Rac8 26. Bc1 $44 {Bischoff,K-Hertneck,G/
AUT-chT0102/2001/}) 10... Rd8 11. Nd2 (11. b4 Bd6 12. Bb2 a5 $5 (12... Be5 $44)
13. bxa5 (13. b5 Be5 {/\} 14. Qb3 Nbd7 $44) 13... Be5 14. Qa4 Na6 15. Nd2 (15.
O-O $142 Nc5 16. Qb4 Bg4 $5 $13) 15... Nc5 16. Qb4 Bg4 17. Nc4 Bxc3+ 18. Qxc3
Bxe2 19. Kxe2 Qd7 20. Rhd1 Rac8 21. Kf1 Nd3 22. Qb3 Qf5 23. Rxd3 exd3 $17 {
Timman,J-Topalov,V/Wijk aan Zee/1996/}) (11. O-O a5 (11... Bf5 $5 $44) 12. Nd2
Bf5 13. Qb3 h5 14. Nc4 Ra6 15. Rd1 $2 (15. Na4 $5 $14) 15... Ng4 $1 16. h3 Nxf2
17. Kxf2 Bxh3 $1 18. Bf1 Qh4+ 19. Kg1 Rf6 20. Qc2 Bg4 21. Nxe4 Rf4 22. Nxa5
Bxd1 23. Qxd1 {Shabalov,A-Gurevich,D/New York op/1998/} Rxe4 24. Nxb7 Ba7 $1 {
/\} 25. Nxd8 Rxe3 $19) 11... Na6 $146 {Not a very impressive novelty.} (11...
Nxd5 $142 12. Nxd5 (12. Ncxe4 $6 Nxe3 $1 (12... Bb6 $5 13. Nc3 Nxe3 $1 14. fxe3
Qxe3 15. Rf1 Nc6 16. Qa4 Ne5 17. Kd1 Be6 18. Re1 Rd4 19. Bf3 Qf4 20. Qc2 Nxf3
21. Re4 Qf6 22. Rxe6 fxe6 23. gxf3 Qxf3+ 24. Ke1 Qf2+ {0-1, Postny,E-Smirin,I/
ISR-chT/1999/}) 13. fxe3 Bxe3 14. Qb3 Bxd2+ $5 15. Nxd2 Nc6 16. Nf3 Re8 17. Qc4
Na5 18. Qb5 Bd7 19. Qd3 Bf5 20. Qe3 Qxe3 21. Bxe3 Rxe3 22. Kf2 Rae8 23. Bb5 Nc6
$17 {Barkovsky,E-Tseitlin,M/Leningrad/1981/}) 12... Rxd5 13. b4 (13. Qc2 Bf5
14. b4 Bb6 15. Bb2 Nc6 16. O-O (16. Qb3) 16... Qg5 17. Kh1 (17. Nxe4 $2 Qg6 18.
Bf3 Re8 $19) 17... Rd6 (17... Rc8 $1 18. Rac1 Rdd8 $13 {/=/+,Kasparov}) 18.
Nxe4 Bxe4 19. Qxe4 Rd2 {Mikhalchishin,A-Kasparov,G/USSR-ch/1981/} 20. Ba6 $1
$14) 13... Bb6 14. Bb2 Nc6 15. Qb3 Rd8 (15... Rg5 16. Qc2 Bf5 17. g4 $5 Bxg4
18. h4 Bxe2 19. hxg5 Bd3 20. Qc3 Qxg5 21. Nf3 $1 exf3 22. Qxd3 h5 23. O-O-O $36
{Panno,O-Glavina Rossi,P/ARG-ch/1989/}) 16. Qc3 Qg5 $13) (11... Bf5 12. b4 Bd6
13. Nc4 Bc7 14. Ra2 Be5 15. Nxe5 Qxe5 16. Qb3 Nbd7 17. Rd2 Bg4 18. Bxg4 Nxg4
19. h3 Ngf6 20. O-O Qg5 21. Kh1 Ne5 22. Rd4 Qf5 23. Ne2 Nd3 24. Ng3 Nxc1 25.
Rxc1 Qxf2 26. Nxe4 $14 {Hansen,C-Greenfeld,A/WChJ Copenhagen/1982/}) 12. b4 Bd6
(12... Bb6 13. Nc4 Be6 (13... Bc7 14. Ra2 $5 $36 {פa6}) 14. d6 Qf8 15. Nxb6
axb6 16. Bb2 $14 {/+/-}) 13. Nc4 Nc7 14. Bb2 Ncxd5 15. Nxd5 Nxd5 16. Qd4 (16.
Qxd5 $4 Bxb4+ $19) 16... Nf6 $8 (16... Qg5 17. Nxd6 Rxd6 18. Qxe4 $16) 17. Nxd6
Rxd6 18. Qe5 $14 {[%csl Gb2,Ge2] White has a ^^ and a pleasant edge,
especially the unnoposed Bb2 is strong.} Be6 {Black should have tried to
exchange at least one of the B with} (18... Re6 $142 19. Qg5 $5 h6 20. Qg3 Rc6
(20... Ne8 21. Bc4 $36) 21. Bd4 Be6 22. O-O Bc4 23. Bxc4 Rxc4 24. f3 {In the
game to chase the Q from e5 he will have to give up the idea Be6-c4.}) 19. Bd4
Rd5 20. Qg3 h6 {[%cal Rd5g5] /\Rg5} 21. h4 $1 $36 Rc8 22. O-O Rc2 23. Rfe1 Rd7
24. Rac1 Rxc1 (24... Rdc7 25. Rxc2 (25. Bxf6 $5 Qxf6 26. Qxc7 Rxc7 27. Rxc7 $36
) (25. Bc5 $14) 25... Rxc2 26. Bxa7 $14 {/+/-}) 25. Rxc1 a6 $2 (25... Qd8 $16)
26. Qf4 (26. Rc8+ $142 Kh7 (26... Rd8 27. Rxd8+ Qxd8 28. Bxf6 Qxf6 29. Qb8+ Kh7
30. Qxb7 $18) 27. Bc5 Rd1+ $8 28. Kh2 $1 (28. Bxd1 $143 Qd7) 28... Qd7 29. Rc7
Qd5 (29... Qd8 30. Be7 $18) 30. Bf8 g6 31. Qf4 $18) 26... Bd5 $2 (26... Kh7 $16
) 27. Rc8+ (27. Rc8+ Rd8 $8 (27... Ne8 28. Bc5 $18) (27... Kh7 28. Qf5+ $18)
28. Bxf6 gxf6 29. Rxd8+ Qxd8 30. Qxh6 $18 {leads to a technically lost
position, but still resignation with only a P down seems somewhat premature.})
1-0